000 00556nam a22001937a 4500
003 0
005 20230926121452.0
008 230926b xxu||||| |||| 00| 0 eng d
020 _a978-1-64728-427-5
050 _aQA 276
_b.M39 2023
100 _aMaxwell, Nancy
245 _aIntroductory statistics
_c Nancy Maxwell
260 _aNew York
_bWillford Press
_cc2023.
300 _aviii, 254 pages ;
_bill.
_c25 cm.
500 _aStatistics.
504 _aIncludes bibliographical references and index.
650 _aStatistics.
942 _2lcc
_cBK
999 _c365411
_d365411